Oceania Word Scramble - Statistics

General Stats
  • This quiz has been taken 21 times
  • The average score is 9 of 10
Answer Stats
Answer % Correct
Australia
94%
Fiji
94%
Kiribati
89%
Marshall Islands
89%
Tonga
89%
Tuvalu
89%
Vanuatu
89%
Micronesia
78%
Nauru
78%
Papua New Guinea
78%
No matching quizzes found
Score Distribution
Percent of People with Each Score
Percentile by Number Answered
Your Score History
You have not taken this quiz